• 首页
  • 本馆介绍
  • 公告通知
  • 最新文献
  • 馆藏检索
  • 电子资源
  • 读者导购
  • 参考咨询
  • 我的图书馆
  • 登录
  • 详细信息显示
  • 放入我的书架
  • 预约/预借图书
  • 作者相关作品
  • 分类相关作品
  • 丛书相关作品
  • 出版社相关作品

书目信息

  • 表格格式
  • 工作单格式
  • 卡片格式
书名: Augustine
作者: selected and translated with introductions by John H. S. Burleigh.
分册号:
分册名:
出版地: Philadelphia :
 
出版社: Westminister Press
出版时间: 1953.
页数: 413 p. ;
开本: 22 cm.
丛书名:
中图分类号:
科图分类号:
其他分类号: B503.1
主题词:
电子资源:
000 00930cam a2200289 a 4500
001 E0730676960
003 CAL
005 20070710083238.81
008 050428s1953 pau b 001 0 eng
010    @a 53013043
020    @a066424162x.
040    @aDLC@cIEN@dIEN@dDLC@dPUL
050 00 @aBR65.A52@bE6 1953
082 00 @a281.4
090    @aB503.1
093    @aB503.1@24
099    @dB503.1@ex10
100 0  @aAugustine,@cSaint, Bishop of Hippo.
240 10 @aSelected works.@lEnglish
245 10 @aAugustine :@bearlier writings / @cselected and translated with introductions by John H. S. Burleigh.
250    @aIchthus ed.
260    @aPhiladelphia :@bWestminister Press,@c1953.
300    @a413 p. ;@c22 cm.
490 1  @aThe Library of Christian classics
504    @aIncludes bibliographical references and index.
650  0 @aTheology@xEarly works to 1800.
830  0 @aLibrary of Christian classics (Philadelphia)
    
    Augustine : : earlier writings / / selected and translated with introductions by John H. S. Burleigh.-Ichthus ed.-Philadelphia : : Westminister Press, , 1953.
    413 p. ; ; 22 cm.- (The Library of Christian classics)
    Includes bibliographical references and index.
    
    ISBN 066424162x.
    
●
相关链接 在E读中查询图书 在五车中查询图书 在当当中查询图书 在豆瓣中查询图书


正题名:Augustine     索取号:B503.1/x10         预约/预借

序号 登录号 条形码 馆藏地/架位号 状态 备注
1 0011640   300116407   第二样本阅览室/ [索取号:B503.1/x10] 在馆    
唐山师范学院图书馆 欢迎您!
大连网信软件有限公司© 版权所有